Management by objectives (MBO) : (Record no. 19520)
[ view plain ]
| 000 -LEADER | |
|---|---|
| fixed length control field | 00742nam a22002297a 4500 |
| 001 - CONTROL NUMBER | |
| control field | 19520 |
| 003 - CONTROL NUMBER IDENTIFIER | |
| rucl marc code | BD-RjUL |
| 005 - DATE AND TIME OF LATEST TRANSACTION | |
| control field | 20211209000438.0 |
| 008 - FIXED-LENGTH DATA ELEMENTS--GENERAL INFORMATION | |
| fixed length control field | 140224s1993 ii ||||| |||| 001 0 eng d |
| 020 ## - INTERNATIONAL STANDARD BOOK NUMBER | |
| International Standard Book Number | 8171002552 |
| 035 ## - SYSTEM CONTROL NUMBER | |
| System control number | (BD-RjUL)19580 |
| 040 ## - CATALOGING SOURCE | |
| Original cataloging agency | BD-RjUL |
| Language of cataloging | eng |
| Transcribing agency | BD-RjUL |
| Modifying agency | BD-RjUL |
| 041 ## - LANGUAGE CODE | |
| Language code of text/sound track or separate title | eng |
| 082 ## - DEWEY DECIMAL CLASSIFICATION NUMBER | |
| Classification number | 658.0028 |
| Author mark and year | AGM 1993 |
| 100 ## - MAIN ENTRY--PERSONAL NAME | |
| Personal name | Aggarwala , Dharma Vira |
| Fuller form of name | Dharma Vira Aggarwala |
| 9 (RLIN) | 59970 |
| 245 ## - TITLE STATEMENT | |
| Title | Management by objectives (MBO) : |
| Remainder of title | concepts, applications, methods, techniques / |
| Statement of responsibility, etc. | Dharma Vira Aggarwala |
| 260 ## - PUBLICATION, DISTRIBUTION, ETC. (IMPRINT) | |
| Place of publication, distribution, etc. | New Delhi : |
| Name of publisher, distributor, etc. | Deep & Deep Publications, |
| Date of publication, distribution, etc. | ©1993. |
| 300 ## - PHYSICAL DESCRIPTION | |
| Pagination | 177 p . : |
| Illustrations | ill . ; |
| Size | 22 cm. |
| 500 ## - GENERAL NOTE | |
| General note | Includes index. |
| 650 ## - SUBJECT ADDED ENTRY--TOPICAL TERM | |
| Topical term or geographic name as entry element | Management by objectives. |
| 9 (RLIN) | 177343 |
| 942 ## - ADDED ENTRY ELEMENTS (KOHA) | |
| Source of classification or shelving scheme | Dewey Decimal Classification |
| Koha item type | Books |
| Lost status | Source of classification or shelving scheme | Damaged status | Not for loan | Collection code | Permanent Location | Current Location | Shelving location | Date acquired | Source of acquisition | Cost, normal purchase price | Total Checkouts | Full call number | Date last seen | Copy number | Koha item type |
|---|---|---|---|---|---|---|---|---|---|---|---|---|---|---|---|
| Dewey Decimal Classification | Non-fiction | Central Library, University of Rajshahi | Central Library, University of Rajshahi | Reading Room | 07/01/1997 | Agencies Dhaka. | 211.75 | 658.0028 AGM 1993 | 24/02/2014 | C-2 | Books | ||||
| Dewey Decimal Classification | Not For Loan | Non-fiction | Central Library, University of Rajshahi | Central Library, University of Rajshahi | Reading Room | 01/07/1997 | World agency, Dhaka | 211.75 | 658.0028 AGM 1993 | 26/12/2016 | C-1 | Books |